00576nam a2200157 4500003000900000005001700009008004100026020002700067040001300094082001800107100003200125245015200157260003000309300001000339440006900349SEACOMEC20241118160941.0241118b |||||||| |||| 00| 0 eng d a978-1558603691c395.00 aSEACOMEC a005.746bG449 a Gibson, Jerry D... ...etal aDigital Compression for Multimedia: Principles and Standard/ c Jerry D. Gibson, Toby Berger , Tom Lookabaugh , Rich Baker and David Lindbergh aNew DelhibElsevierc1998 a478 p aThe Morgan Kaufmann Series in Multimedia Information and Systems